000
00248nam a2200109Ia 4500
008
230320s9999||||xx |||||||||||||| ||spa||
082
_a
186/E95
100
_a
Eunapio
245
0
_a
Vida De Filosofos Y Sofistas
260
_b
Aguilar
942
_8
0
_c
LIB
999
_c
26146
_d
26146